|
|
|
|
| LEADER |
01232nam a2200289 a 4500 |
| 001 |
2126842 |
| 008 |
090601s1998 nyua b 001 0 eng d |
| 010 |
|
|
|a 97041089
|
| 020 |
|
|
|a 047125407X (cloth : alk. paper)
|
| 040 |
|
|
|a DLC
|c DLC
|d DLC
|
| 082 |
0 |
0 |
|a 658
|2 21
|
| 100 |
1 |
|
|a Bardwick, Judith M.,
|d 1933-
|
| 245 |
1 |
0 |
|a In praise of good business :
|b how optimizing risk rewards both your bottom line and your people /
|c Judith M. Bardwick.
|
| 260 |
|
|
|a New York :
|b Wiley,
|c c1998.
|
| 300 |
|
|
|a xxiii, 344 p. :
|b ill. ;
|c 23 cm.
|
| 504 |
|
|
|a Includes bibliographical references (p. 307-333) and index.
|
| 541 |
1 |
|
|e 00011712
|
| 650 |
|
0 |
|a Industrial management
|z United States.
|
| 650 |
|
0 |
|a Industrial management
|x Social aspects
|z United States.
|
| 650 |
|
0 |
|a Entitlement attitudes
|z United States.
|
| 650 |
|
0 |
|a Risk
|x Social aspects.
|
| 650 |
|
0 |
|a Work
|x Social aspects.
|
| 650 |
|
0 |
|a Employees
|z United States
|x Attitudes.
|
| 650 |
|
0 |
|a Job security
|z United States.
|
| 852 |
4 |
|
|a Ayesha Abed Library
|j General Shelf.
|
| 999 |
|
|
|c 1232
|d 1232
|
| 952 |
|
|
|0 0
|1 0
|2 ddc
|4 0
|6 658_BAR_199800000000000
|7 0
|9 1119
|a BRACUL
|b BRACUL
|c GEN
|d 2009-06-25
|g 0.00
|l 0
|o 658 BAR
|p 3010011712
|r 2009-06-25
|t 1
|w 2009-06-25
|y BK
|x No price found in the accession register.
|